书目信息 |
| 题名: |
叛逆的女人
|
|
| 作者: | (法)德卡尔 | |
| 分册: | ||
| 出版信息: | 北方妇女儿童出版社 1985.12 |
|
| 页数: | 309页 | |
| 开本: | 32开 | |
| 丛书名: | ||
| 单 册: | ||
| 中图分类: | I565.45 | |
| 科图分类: | ||
| 主题词: | 文学 | |
| 电子资源: | ||
| ISBN: | ||
| 000 | 00514nam0 2200193 45 | |
| 001 | 9911301546 | |
| 005 | 19991130153218.8 | |
| 010 | @d1.45 | |
| 091 | @a10377.31 | |
| 100 | @a19991130d1985 km y0chiy0120 ea | |
| 101 | @achi | |
| 105 | @a z 000yy | |
| 200 | 1 | @a叛逆的女人@APan Ni De Nu Ren@f(法)德卡尔@F(Fa)De Ka Er |
| 210 | @c北方妇女儿童出版社@d1985.12 | |
| 215 | @a309页@c无图表@d32开 | |
| 606 | 0 | @a文学 |
| 690 | @aI565.45@v3 | |
| 801 | @aCN@bPerfectUser@c19991130 | |
| 905 | @aBZT@b22714-715@f2@dI565.45@e1 | |
| 叛逆的女人/(法)德卡尔.-北方妇女儿童出版社,1985.12 |
| 309页:无图表;32开 |
| ISBN :1.45 |
| ● |
| 相关链接 |
|
|
|
正题名:叛逆的女人
索取号:I565.45/1
 
预约/预借
| 序号 | 登录号 | 条形码 | 馆藏地/架位号 | 状态 | 备注 |
| 1 | 22715 | 200211948 | 中心书库中库/打包BH0106/ [索取号:I565.45/1] | 在馆 |